Memoria facultativa sobre los proyectos de escuelas de instrucción primaria / (Record no. 156271)

MARC details
000 -LEADER
campo de control de longitud fija 00907nam a22001935i 4500
001 - NÚMERO DE CONTROL
campo de control 156271
003 - IDENTIFICADOR DE NÚMERO DE CONTROL
campo de control ES-MaACL
005 - FECHA Y HORA DE LA ÚLTIMA TRANSACCIÓN
campo de control 20230906210350.0
008 - DATOS DE LONGITUD FIJA--INFORMACIÓN GENERAL
campo de control de longitud fija 970416s1871 sp |||| | spa d
040 ## - FUENTE DE CATALOGACIÓN
Centro catalogador/agencia de origen CYL
Lengua de catalogación spa
Centro/agencia transcriptor CYL
100 1# - ENTRADA PRINCIPAL--NOMBRE DE PERSONA
Nombre de persona Jareño y Alarcon, Francisco.
9 (RLIN) 128277
245 10 - MENCIÓN DEL TÍTULO
Título Memoria facultativa sobre los proyectos de escuelas de instrucción primaria /
Mención de responsabilidad, etc. por D. Francisco Jareño y Alarcon.
260 ## - PUBLICACIÓN, DISTRIBUCIÓN, ETC.
Lugar de publicación, distribución, etc. Madrid :
Nombre del editor, distribuidor, etc. [s.n.],
Fecha de publicación, distribución, etc. 1871 (
Fabricante Imprenta del Colegio Nacional de Sordo-mudos y de Ciegos)
300 ## - DESCRIPCIÓN FÍSICA
Extensión 85 p., VI lám. ;
Dimensiones 26 cm.
500 ## - NOTA GENERAL
Nota general Proyectos premiados en concurso público adquiridos por el estado y mandados publicar por Decreto de S.A. el Regente del Reino de 7 de abril de 1870.
599 ## - NOTA A LAS ILUSTRACIONES
NOTA A LAS ILUSTRACIONES Las h. de grab. litogr. al final del libro, "Lit. Donon", planos.
650 #4 - PUNTO DE ACCESO ADICIONAL DE MATERIA--TÉRMINO DE MATERIA
Término de materia o nombre geográfico como elemento de entrada Escuelas.
9 (RLIN) 136043
852 ## - LOCALIZACIÓN
Ubicación ES-MaACL
Número de control de estantería T-176-F-1
Nota libre -- Enc. hol.
-- -- Enc. en un vol. facticio
Holdings
Estatus retirado Estado de pérdida Estado de daño No para préstamo Colección Biblioteca de origen Biblioteca actual Ubicación en estantería Fecha de adquisición Total de préstamos Signatura topográfica completa Código de barras Visto por última vez Precio de reemplazo Tipo de ítem Koha
        Colección de folletos Biblioteca del Ateneo de Madrid Biblioteca del Ateneo de Madrid Depósito folletos 17/01/2008   T-176-F-1 1163492 23/02/2023 23/02/2023 Folleto